| 000 | 00511nam a2200181Ia 4500 | ||
|---|---|---|---|
| 003 | GCL | ||
| 008 | 140319s9999 xx 000 0 ara d | ||
| 040 |
_aGCL / _cGCL |
||
| 082 | 0 | 4 |
_a251.22 _bا ت |
| 100 | 1 | _aاحمد فتحى بهنسى | |
| 245 | 1 | 0 |
_aالتعزيز فى الاسلام / _cاحمد فتحى بهنسى |
| 300 | _a119 ص | ||
| 490 |
_aمع الاسلام _v0 |
||
| 650 | 0 | 4 | _aالشريعة الاسلامية |
| 650 | 0 | 4 | _aالعقوبات |
| 650 | 0 | 4 | _aالتعزيز |
| 942 |
_2ddc _cBK |
||
| 999 |
_c43962 _d43962 |
||